Vector mechanics for engineers (Record no. 7603)

000 -LEADER
fixed length control field 00565nam a22001931a 4500
001 - CONTROL NUMBER
control field 7603
003 - CONTROL NUMBER IDENTIFIER
control field BD-DhUET
008 - FIXED-LENGTH DATA ELEMENTS--GENERAL INFORMATION
fixed length control field 860915s1962 nyua 000 0 eng d
040 ## - CATALOGING SOURCE
Original cataloging agency DLC
Transcribing agency DLC
Modifying agency BD-DhUET
082 ## - DEWEY DECIMAL CLASSIFICATION NUMBER
Edition number 620.1
Item number BEE/1962
100 1# - MAIN ENTRY--PERSONAL NAME
Personal name Beer, Ferdinand P.
245 10 - TITLE STATEMENT
Title Vector mechanics for engineers
Remainder of title statics
Statement of responsibility, etc. by Ferdinand P. Beer and E Russell Johnston
250 ## - EDITION STATEMENT
Edition statement 2nd ed.
260 ## - PUBLICATION, DISTRIBUTION, ETC. (IMPRINT)
Place of publication, distribution, etc. New York
Name of publisher, distributor, etc. McGraw-Hill
Date of publication, distribution, etc. 1962
300 ## - PHYSICAL DESCRIPTION
Extent xiv, 382p.+various paging
Other physical details ill.
Dimensions 25 cm.
650 #0 - SUBJECT ADDED ENTRY--TOPICAL TERM
Topical term or geographic name as entry element Vector mechanics
700 ## - ADDED ENTRY--PERSONAL NAME
Personal name Johnston, E. Russell
942 ## - ADDED ENTRY ELEMENTS (KOHA)
Koha item type General Book
Holdings
Piece designation (barcode) Location (home branch) Copy number Koha date last seen Shelving location Withdrawn status Date acquired Not for loan Koha normalized classification for sorting Koha item type Lost status Source of classification or shelving scheme Damaged status Price effective from Koha full call number Koha date last borrowed Koha issues (times borrowed) Sublocation or collection (holding branch)
84708Central Library, BUET12014-12-11Circulation section 2014-12-11 620_000000000000000_1BEE1962General Book   2014-12-11620.1/BEE/1962  Central Library, BUET
84863Central Library, BUET22014-12-11Circulation section 2014-12-11 620_000000000000000_1BEE1962General Book   2014-12-11620.1/BEE/1962  Central Library, BUET
84914Central Library, BUET32014-12-11Circulation section 2014-12-11 620_000000000000000_1BEE1962General Book   2014-12-11620.1/BEE/1962  Central Library, BUET
84939Central Library, BUET42023-12-20Circulation section 2014-12-11 620_000000000000000_1BEE1962General Book   2014-12-11620.1/BEE/19622023-12-112Central Library, BUET
84949Central Library, BUET52023-12-17Circulation section 2014-12-11 620_000000000000000_1BEE1962General Book   2014-12-11620.1/BEE/19622023-12-113Central Library, BUET